Základy štatistiky pre geografov
Gespeichert in:
| 1. Verfasser: | |
|---|---|
| Format: | Buch |
| Sprache: | Slowakisch |
| Veröffentlicht: |
Bratislava
Geo-grafika
2008
|
| Schriftenreihe: | Extern
|
| Schlagworte: | |
| Tags: |
Keine Tags, Fügen Sie das erste Tag hinzu!
|
MARC
| LEADER | 00000nam a2200000 4500 | ||
|---|---|---|---|
| 001 | 0119417 | ||
| 005 | 20221207101419.0 | ||
| 020 | |a 978-80-89317-02-8 | ||
| 041 | 0 | |a slo | |
| 044 | |a SK | ||
| 245 | 1 | 0 | |a Základy štatistiky pre geografov |c Gabriela Nováková |
| 264 | 1 | |a Bratislava |b Geo-grafika |c 2008 | |
| 300 | |a 218 s. | ||
| 490 | 1 | |a Extern | |
| 830 | 0 | |a Extern | |
| 610 | 2 | 0 | |a štatistika |
| 610 | 2 | 0 | |a geografia |
| 610 | 2 | 0 | |a skúmanie štatistické |
| 610 | 2 | 0 | |a pravdepodobnosť |
| 610 | 2 | 0 | |a odhad štatistický |
| 100 | 1 | |a Nováková, Gabriela | |